عرض عادي
عرض مارك
- Plant Extracts
مدخل مصطلح موضوعي
001 - رقم الضبط
- حقل الضبط: 11647
003 - معرف رقم الضبط
- حقل الضبط: OSt
005 - تاريخ ووقت أخر عملية
- حقل الضبط: 20120420001510.0
008 - عناصر بيانات ثابتة الطول
- حقل تحكم ثابت الطول: 120420|||a|||||| | ||| d
040 ## - مصدر الفهرسة
- هيئة الفهرسة الأصلية: OSt
- وكالة الكتابة: OSt
150 ## - مدخل-- مصطلح تاريخي
- عنصر مدخل المصطلح الموضوعي او الاسم الجغرافي: Plant Extracts
- تفريع عام: therapeutic use.
670 ## - بيانات المصدر موجوده
- الاستشهاد بالمصدر: Work cat.: (OSt)24011: The ABC clinical guide to herbs /, 2003.
